Loading...
Science - Biology | 0 | 3 | 0 | 0 | 30 | 40 | 65.33 | 2 | 3 |
Philosophy | 0 | 3 | 0 | 1 | 30 | 35 | 98.00 | 1 | 3 |
Social Science | 0 | 2 | 0 | 1 | 20 | 109 | 117.50 | 0 | 2 |
Fine Arts - Painting and Sculpture | 0 | 2 | 0 | 1 | 20 | 119 | 123.50 | 0 | 2 |
Literature - World Literature | 0 | 1 | 0 | 0 | 10 | 124 | 124.00 | 1 | 1 |
History - American History | 0 | 1 | 0 | 0 | 10 | 101 | 101.00 | 0 | 1 |
History - World History | 0 | 1 | 0 | 0 | 10 | 82 | 82.00 | 0 | 1 |
Science - Physics | 0 | 1 | 1 | 0 | 5 | 98 | 98.00 | 1 | 1 |
Science - Other Science | 0 | 1 | 1 | 1 | 5 | 110 | 110.00 | 0 | 1 |
Fine Arts - Classical Music | 0 | 0 | 0 | 0 | 0 | 0.00 | 0 | 0 | |
Fine Arts - Other Fine Arts | 0 | 0 | 0 | 0 | 0 | 0.00 | 0 | 0 | |
Literature - British Literature | 0 | 0 | 0 | 0 | 0 | 0.00 | 0 | 0 | |
Religion | 0 | 0 | 1 | 0 | -5 | 0.00 | 0 | 0 | |
Literature - European Literature | 0 | 0 | 1 | 0 | -5 | 0.00 | 0 | 0 | |
Literature - American Literature | 0 | 0 | 1 | 0 | -5 | 0.00 | 0 | 0 | |
History - European History | 0 | 0 | 1 | 0 | -5 | 0.00 | 0 | 0 |